000 00786nas a2200253 4500
001 BR2013009368
003 BR-BrBNA
005 20231205123340.0
007 ta
008 230509b bl.|||p| |||| 00| 00por d
040 _aBR-BrBNA
_bpor
_cBiblioteca Nacional de Agricultura
041 _a(En)
072 _aF70
100 1 _aMenini Neto, L.
100 1 _aForzza, R.C.
100 1 _aBerg, C. van den
245 1 _aTaxonomic revision of Pseudolaelia Porto and Brade (Laeliinae, Oechidaceae)
650 _aTAXONOMIA VEGETAL
650 _aORCHIDACEAE
650 _aPRESERVAÇÃO DA NATUREZA
773 0 _tActa Botanica Brasilica (Brazil)
_xISSN 0102-3306
_g(Apr-Jun 2013), v. 27(2) p. 418-435
_wBR2013009368
909 _a202311
_bLúcia
_c55
_dLúcia Elande
942 _2AGRIS
_n0
_cANA
999 _c233460
_d233460